Schaum's outline of theory and problems of engineering mechanics (Record no. 544932)

000 -LEADER
fixed length control field 01104cam a2200301La 4500
020 ## - INTERNATIONAL STANDARD BOOK NUMBER
International Standard Book Number 058525043X (electronic bk.)
082 04 - DEWEY DECIMAL CLASSIFICATION NUMBER
Classification number 620.1
Author Mark MCL
-- L-5, P-37
100 1# - MAIN ENTRY--PERSONAL NAME
Personal name Nelson, E. W.
9 (RLIN) 40680
245 10 - TITLE STATEMENT
Title Schaum's outline of theory and problems of engineering mechanics
Remainder of title statics and dynamics.
250 ## - EDITION STATEMENT
Edition statement 5th ed. /
260 ## - PUBLICATION, DISTRIBUTION, ETC.
Place of publication, distribution, etc. New York :
Name of publisher, distributor, etc. McGraw-Hill,
Date of publication, distribution, etc. c1998.
300 ## - PHYSICAL DESCRIPTION
Extent viii, 520 p. :
Other physical details ill. ;
Dimensions 28 cm.
490 1# - SERIES STATEMENT
Series statement Schaum's electronic tutor
490 1# - SERIES STATEMENT
Series statement Schaum's outline series
500 ## - GENERAL NOTE
General note Erratum slip inserted.
500 ## - GENERAL NOTE
General note Includes index.
500 ## - GENERAL NOTE
General note Rev. ed. of: Schaum's outline of theory and problems of engineering mechanics / by W.G. McLean and E.W. Nelson. 4th ed. c1988.
526 ## - STUDY PROGRAM INFORMATION NOTE
Program name 0
Interest level 0
Reading level 0
Title point value 620_100000000000000_MCL
650 #0 - SUBJECT ADDED ENTRY--TOPICAL TERM
Topical term or geographic name entry element Mechanics, Applied.
9 (RLIN) 13090
650 #6 - SUBJECT ADDED ENTRY--TOPICAL TERM
Topical term or geographic name entry element MCE
9 (RLIN) 379
650 #6 - SUBJECT ADDED ENTRY--TOPICAL TERM
Topical term or geographic name entry element Mécanique appliquée.
700 1# - ADDED ENTRY--PERSONAL NAME
Personal name Best, Charles L.
9 (RLIN) 40681
700 1# - ADDED ENTRY--PERSONAL NAME
Personal name McLean, W. G.
9 (RLIN) 40674
700 1# - ADDED ENTRY--PERSONAL NAME
Personal name McLean, W. G.
9 (RLIN) 40674
710 2# - ADDED ENTRY--CORPORATE NAME
Corporate name or jurisdiction name as entry element NetLibrary, Inc.
9 (RLIN) 35918
856 4# - ELECTRONIC LOCATION AND ACCESS
Uniform Resource Identifier <a href="http://www.columbia.edu/cgi-bin/cul/resolve?clio4242680">http://www.columbia.edu/cgi-bin/cul/resolve?clio4242680</a>
942 ## - ADDED ENTRY ELEMENTS (KOHA)
Source of classification or shelving scheme
Koha item type Book
Holdings
Withdrawn status Lost status Source of classification or shelving scheme Damaged status Not for loan Permanent Location Current Location Date acquired Total Checkouts Full call number Barcode Date last seen Price effective from Koha item type
          Military College of Engineering (MCE) Military College of Engineering (MCE) 05/14/2014   620.1 MCL MCE-9719 05/14/2014 05/14/2014 Book
© 2023 Central Library, National University of Sciences and Technology. All Rights Reserved.